Young Talent Time (Australia) - Statistics

General Stats
  • This quiz has been taken 6 times
  • The average score is 14 of 40
Answer Stats
Years Member % Correct
1986-88 Courtney Compagnino
67%
1982-88 Danielle Minogue
67%
1971-75 Debra Byrne
67%
1973-76 Derek Redfern
67%
1971-75 Greg Mills
67%
1988 Jamie Churchill
67%
1971-72 Jamie Redfern
67%
1971-76 Jane Scali
67%
1987-88 Juanita Coco
67%
1975-79 Karen Knowles
67%
1985-88 Mark Stevens
67%
1987-88 Rikki Arnot
67%
1973-76 Sally Boyden
67%
1977-83 Tina Arena
67%
1983-88 Beven Addinsall
33%
1979-83 Bobby Driessen
33%
1975-78 Debbie Hancock
33%
1984-88 Greg Poynton
33%
1987-88 Joey Dee
33%
1971-75 Julie Ryles
33%
1984-87 Lorena Novoa
33%
1985-88 Natalie Miller
33%
1971-75,1975-76 Phillip Gould
33%
1971-73 Rod Kirkham
33%
1975-79 Steven Zammit
33%
1984-87 Tim Nelson
33%
1972-77 Trevor Hindmarsh
33%
1971-73 Vikki Broughton
33%
1983-88 Vince Del Tito
33%
1980-83 Jodie Loebert
0%
1980-84 Joey Perrone
0%
1988 Johnnie Nuich
0%
1977-81 Johnny Bowles
0%
1981-85 Karen Dunkerton
0%
1981-86 Katie Van Ree
0%
1982-83 Mark McCormack
0%
1981-83 Michael Campbell
0%
1976-80 Nicole Cooper
0%
1976-79 Robert McCullough
0%
1983-87 Vanessa Windsor
0%
No matching quizzes found
Score Distribution
Percent of People with Each Score
Percentile by Number Answered
Your Score History
You have not taken this quiz